[Event "36th Zalakaros Festival 2017"]
[Site "Zalakaros"]
[Date "2017.05.23"]
[Round "6"]
[White "Nemeth, Miklos"]
[Black "Efimenko, Zahar"]
[Result "1/2-1/2"]
[WhiteElo "2451"]
[BlackElo "2648"]
[Annotator "TA"]
[PlyCount "117"]
[EventDate "2017.??.??"]
[EventType "swiss"]
[EventCountry "HUN"]
[SourceTitle "playchess.com"]
[Source "ChessBase"]
[SourceQuality "1"]

{[%evp 25,117,-14,-14,-14,-14,-14,-17,-22,-31,-61,-47,-41,-29,-58,-7,-56,-34,-33,-40,-45,-28,-28,-31,-44,-18,-23,-24,-29,-48,-31,-37,-33,0,0,0,0,0,-20,-20,-18,-17,-18,-21,-32,-25,-26,0,0,0,0,0,0,0,0,0,0,0,0,0,0,0,0,0,0,0,0,0,0,0,0,0,0,0,0,0,0,0,0,0,0,0,0,0,0,0,0,0,0,0,0,0,0,0,0]} 1. e4 e5 2. Nf3 Nc6 3. Bc4 Bc5 4. c3 Nf6 5. d3 d6 6. O-O h6 7. Nbd2 {[%cal Bb1d2,Bd2f1,Bf1g3][%mdl 32]} O-O 8. Bb3 a6 9. h3 Be6 10. Re1 Re8 {C54: Giuoco Piano: 4 c3 Nf6, main lines with 5 d4 and 5 d3} (10... Ba7 11. Nf1 Re8 12. Be3 Bxe3 13. Nxe3 d5 14. exd5 Nxd5 15. d4 Nxe3 16. fxe3 Bxb3 17. Qxb3 Qd6 18. Rad1 exd4 19. cxd4 Qb4 {½-½ (27) Ponomariov,R (2709)-Mamedyarov,S (2762) Tashkent 2016}) 11. Nf1 d5 12. Ng3 dxe4 13. dxe4 Qxd1 {LiveBook: 3 Games} 14. Rxd1 Bxb3 15. axb3 {[#]} Rad8 $146 ({Predecessor:} 15... a5 16. Kf1 {½-½ (27) Schroeder,J (2511)-Heimann,A (2550) Germany 2015}) 16. Bd2 a5 17. Be1 g6 18. Kf1 {[%cal Bg1f1,Bf1e2,Be2d3,Bd3c2][%mdl 32]} Nd7 {[%cal Bf6d7,Bd7c5,Bc5e4][%mdl 32]} 19. Ke2 Bb6 (19... Kg7 $15) 20. Kd3 f5 21. Kc2 f4 22. Nf1 Nc5 {And now ...Rxd1 would win.} 23. Rxd8 Rxd8 24. N1d2 Kg7 25. Nc4 Nxe4 26. Nfxe5 Nxe5 27. Nxe5 Re8 28. Nd3 $1 {[#]} Nxf2 $1 {[%mdl 512]} 29. Nxf4 (29. Nxf2 Bxf2) 29... g5 30. Bxf2 $1 Bxf2 $11 {[%mdl 4096] Endgame KRB-KRN} 31. Nh5+ Kg6 32. g4 Re2+ 33. Kd3 Re3+ 34. Kd2 {[#] Black must now prevent Rf1.} Rxh3 {aiming for ...Rh2.} 35. Rxa5 Bb6 36. Re5 {The position is equal.} Kf7 (36... Rh4 $5 {[%cal Rh4g4]} 37. Re6+ Kf7 38. Rf6+ Ke7 39. Rxh6 Rxg4 $11) 37. b4 Rh2+ (37... Rh4 {looks sharper.} 38. Rf5+ Ke6 39. Rf6+ Ke7 40. Rxh6 Rxg4 41. Nf6 Rg2+) 38. Re2 Rxe2+ (38... Rh4 {seems wilder.} 39. Rg2 c6 40. Kd3 Kg6 41. Ke4 Bd8) 39. Kxe2 {KB-KN} Ke6 40. Kf3 Ke5 41. Ng3 c6 42. Ne4 Ba7 43. Nd2 b5 44. Nb3 Kd5 45. Na5 Bb6 46. b3 Bc7 47. c4+ bxc4 48. bxc4+ Kd4 49. Nxc6+ Kxc4 50. Ke4 Bd6 (50... Kb5 $5 {[%cal Rb5c6]} 51. Nd4+ Kc4 $11) 51. Kf5 Kb5 (51... Bxb4 52. Nxb4 Kc5 53. Kg6 Kxb4 54. Kxh6 Kc5 55. Kxg5 Kd6 56. Kf6) 52. Nd8 Bxb4 53. Kg6 Bd2 54. Kxh6 Kc5 55. Kg6 Kd6 56. Kf6 Bc3+ 57. Kxg5 Ke7 58. Nc6+ Kf7 59. Kf5 {Precision: White = 80%, Black = 58%.} 1/2-1/2

[Event "36th Zalakaros Festival 2017"]
[Site "Zalakaros"]
[Date "2017.05.23"]
[Round "6"]
[White "Gazik, Viktor"]
[Black "Arman, Deniz"]
[Result "1-0"]
[WhiteElo "2449"]
[BlackElo "2377"]
[Annotator "TA"]
[PlyCount "113"]
[EventDate "2017.??.??"]
[EventType "swiss"]
[EventCountry "HUN"]
[SourceTitle "playchess.com"]
[Source "ChessBase"]
[SourceQuality "1"]

{[%evp 13,113,65,70,53,64,61,77,83,61,17,32,8,40,21,30,32,57,27,64,43,39,39,64,60,58,57,128,137,154,154,194,156,190,193,193,195,179,191,198,162,229,216,225,121,165,159,177,156,167,0,159,127,147,117,117,115,123,125,255,255,216,216,269,231,262,113,114,113,114,155,158,90,90,90,90,90,90,90,90,90,90,90,90,66,178,90,4706,12400,29956,29955,29949,4622,29970,29970,29978,29979,29979,29980,29983,29980,29982,29983]} 1. e4 c5 2. Nf3 d6 3. d4 cxd4 4. Nxd4 Nf6 5. Nc3 e5 6. Bb5+ Bd7 7. Bxd7+ Qxd7 8. Nb3 {B56: Classical Sicilian: Unusual Lines} (8. Nde2 Qc6 9. Ng3 Nbd7 10. Bg5 g6 11. Qd3 Be7 12. Bxf6 Nxf6 13. Nf1 Bd8 14. O-O-O Ba5 15. Qf3 Ke7 16. Nd5+ Nxd5 17. Rxd5 {½-½ (44) Inarkiev,E (2667)-Vachier Lagrave,M (2703) Warsaw 2010}) 8... Qc6 9. f3 Nbd7 10. Be3 {White is better.} Be7 11. O-O O-O 12. Qd3 Rfc8 $146 ({Predecessor:} 12... a6 13. Rfd1 Rac8 14. Rac1 Nb6 15. Nd2 Rfd8 {0-1 (40) Lampitt-Ribeiro,J (2300) Siegen 1970}) 13. Rfd1 a6 14. a4 b6 15. Rd2 Qc4 16. Bf2 Qxd3 17. Rxd3 Nc5 18. Nxc5 bxc5 19. Bh4 c4 {[#]} (19... Rab8 $14) 20. Bxf6 $1 $16 {[%mdl 512]} cxd3 (20... Bxf6 21. Rxd6) 21. Bxe7 Rab8 22. cxd3 Rxb2 23. Bxd6 f6 24. Nd5 Rcc2 25. Ne3 Re2 26. Bc5 a5 (26... Rbd2 {is a better defense.} 27. Rc1 Rxd3) 27. h4 $18 h5 28. Rc1 (28. Ra3 $18) 28... Ra2 29. Rc4 Rad2 30. Rc3 Ra2 31. Rc4 Rad2 $1 32. Bb6 Rxd3 33. Rc8+ Kh7 34. Ra8 Rb3 {[#]} 35. Bc5 $1 Rb1+ (35... Ra2 $16 {might work better.}) 36. Kh2 Rc1 37. Rxa5 Rxc5 38. Rxc5 Rxe3 {[%mdl 4096] Endgame KR-KR} 39. Kg1 (39. Ra5 $18 {is more deadly.}) 39... Ra3 $16 40. Ra5 Ra1+ 41. Kh2 g6 42. Ra8 ({Better is} 42. Ra7+ Kh6 43. Ra6) 42... f5 43. Ra7+ Kh6 44. exf5 gxf5 45. Kg3 f4+ 46. Kh2 Kg6 47. Ra8 Kg7 48. a5 Ra2 {[#]} (48... Kg6 $14) 49. a6 (49. Kg1 $1 $18) 49... e4 $2 {[%mdl 8192]} (49... Ra1 $16 50. a7 Kh7) 50. fxe4 $18 f3 51. Kg1 Rxg2+ 52. Kf1 Rd2 53. a7 {White mates.} Rd7 {[#]} 54. Rg8+ $1 {[%mdl 512]} Kxg8 55. a8=Q+ Kg7 56. Kf2 Rf7 57. Qd5 {Precision: White = 56%, Black = 33%.} 1-0

[Event "36th Zalakaros Festival 2017"]
[Site "Zalakaros"]
[Date "2017.05.23"]
[Round "6"]
[White "Kreisl, Robert"]
[Black "Raja Harshit"]
[Result "1-0"]
[WhiteElo "2448"]
[BlackElo "2334"]
[Annotator "TA"]
[PlyCount "77"]
[EventDate "2017.??.??"]
[EventType "swiss"]
[EventCountry "HUN"]
[SourceTitle "playchess.com"]
[Source "ChessBase"]
[SourceQuality "1"]

{[%evp 15,77,24,39,39,39,32,34,34,39,36,42,37,34,44,41,19,9,13,149,143,122,135,108,174,192,186,211,205,192,179,249,247,249,247,230,216,204,193,277,277,284,256,256,256,333,329,447,398,483,416,863,860,835,818,768,710,821,1079,12839,12840,12840,12841,12847,12847]} 1. c4 c6 2. d4 d5 3. cxd5 cxd5 4. Bf4 Nc6 5. e3 Nf6 6. Nc3 e6 7. Bd3 a6 8. Rc1 Bd6 9. Bxd6 {D10: Slav Defence: 3 cxd5 (without early Nf3) and 3 Nc3} Qxd6 10. f4 (10. Nf3 O-O 11. O-O Bd7 12. Na4 Nb4 13. Bb1 Bxa4 14. Qxa4 Rfc8 15. Ne5 b5 16. Qa5 Ne8 17. Rxc8 Rxc8 18. a3 f6 19. axb4 fxe5 20. dxe5 Qxe5 21. Qxa6 {½-½ (40) Nakamura,H (2816)-Kamsky,G (2680) Las Vegas 2015}) 10... b5 11. Nf3 {White is slightly better.} Na5 12. Qe2 $146 ({Predecessor:} 12. O-O O-O 13. Ne5 Bb7 14. Qf3 Nc4 15. Nxc4 bxc4 16. Bxc4 dxc4 17. Qxb7 {½-½ (27) Li,D (2281)-Sibashvili,G (2388) Moscow 2015}) 12... Bb7 13. O-O O-O 14. Ne5 Ne4 15. Bb1 Rac8 16. Qe1 {Nxe4 is the strong threat.} b4 (16... Nc4 $11 {keeps the balance.}) 17. Nxe4 $16 dxe4 {[#]} 18. Rc5 $1 {[%cal Rc5a5][%mdl 512]} Rxc5 19. dxc5 Qxc5 20. Nd7 $36 {[%mdl 2048] White has strong initiative.} Qd6 21. Nxf8 Kxf8 22. a3 Nc4 (22... Bd5 $142 23. axb4 (23. Qxb4 Qxb4 24. axb4 Nc6 $16) 23... Nc6) 23. Qxb4 $18 ({Don't play} 23. axb4 $6 Nxb2 24. Qc3 Nd3) 23... Qxb4 24. axb4 Nxb2 {[%mdl 4096] Endgame KRB-KBN} 25. Ba2 Nd3 26. Rb1 Bd5 (26... Bc6 $142 27. Bc4 Bb5) 27. Bxd5 exd5 {KR-KN} 28. Kf1 Ke7 29. Ke2 Kd6 30. Kd2 d4 31. exd4 Nxf4 32. Rf1 Nxg2 (32... e3+ $142 33. Kxe3 Nd5+ 34. Kd3 Ke7 35. Re1+ Kd7) 33. Rxf7 {White is clearly winning.} g5 34. Rf5 h6 35. Ke2 e3 36. Ra5 g4 37. Rxa6+ Kd5 38. b5 Kxd4 39. Ra4+ {Precision: White = 93%, Black = 18%.} 1-0

[Event "36th Zalakaros Festival 2017"]
[Site "Zalakaros"]
[Date "2017.05.23"]
[Round "6"]
[White "Nagy, Gabor"]
[Black "Rapport, Richard"]
[Result "0-1"]
[WhiteElo "2446"]
[BlackElo "2698"]
[Annotator "TA"]
[PlyCount "66"]
[EventDate "2017.??.??"]
[EventType "swiss"]
[EventCountry "HUN"]
[SourceTitle "playchess.com"]
[Source "ChessBase"]
[SourceQuality "1"]

{[%evp 15,66,9,5,-21,-10,-9,-9,-29,-24,-30,-20,-41,-41,-45,-50,-56,-57,-76,-40,-45,-29,-100,-69,-97,6,-17,0,-17,-10,-49,-29,-37,-45,-78,-50,-27,-27,-211,-204,-193,-192,-377,-380,-1164,-1160,-1256,-1235,-29980,-29981,-29980,-1165,-1158,-563]} 1. e4 e6 2. d4 d5 3. Nc3 Bb4 4. Nge2 Nf6 5. Bg5 dxe4 6. a3 Be7 7. Bxf6 Bxf6 8. Nxe4 Nc6 {[%cal Rf6d4]} 9. Nxf6+ {C12: French: Classical System: McCutcheon Variation} (9. c3 {looks sharper.} Be7 10. N2g3 Qd5 11. Nd2 O-O 12. Nf3) 9... Qxf6 10. Qd3 O-O 11. Qe3 {The position is equal.} b5 $146 ({Predecessor:} 11... b6 12. O-O-O Bb7 13. Qf4 Qxf4+ 14. Nxf4 e5 15. dxe5 Nxe5 16. f3 Rfd8 {½-½ (24) Van Riemsdijk,H (2385)-Vuelban,V (2405) Arco 2009}) 12. O-O-O b4 13. Qe4 Bd7 14. axb4 Nxb4 15. Nf4 Rab8 16. Bd3 $1 {[%csl Gd3][%cal Re4h7]} Na2+ 17. Kd2 {[%csl Gd3][%cal Re4h7]} Qh6 18. Ra1 (18. Rhe1 $11 {keeps the balance.}) 18... Nb4 $1 $17 (18... Rxb2 19. Rhb1 $11) 19. Qe3 {[#]} Nc6 (19... c5 $1 $17 {[%cal Rc5d4] aiming for ...cxd4.} 20. dxc5 (20. Rxa7 $2 cxd4 21. Qe4 f5 $19) 20... Rfd8) 20. b3 Rfd8 21. Ne2 Qf6 22. Rhd1 e5 {[%cal Rc6d4]} 23. d5 Nb4 $36 {[%mdl 2048] Threatens to win with ...Bf5. Black has good play.} 24. Nc3 c6 {[%cal Bc7c6,Bc6d5][%mdl 32]} 25. Ne4 Qg6 26. Rxa7 $2 (26. Ng3 $11 {and White is okay.} Nxd3 27. Qxd3) 26... cxd5 ({Don't take} 26... Qxg2 27. Qg5 $17) 27. Nc5 Bf5 28. Qxe5 $2 (28. Bxf5 {is the only way for White.} Qxf5 29. Nd3 Nxd3 30. cxd3) 28... Bxd3 $19 29. Rb7 $2 (29. Nxd3 Nc6 30. Qa1 Qg5+ 31. f4 Qxg2+ 32. Kc1 Nxa7 33. Qxa7) 29... Rxb7 30. Nxb7 {[#]} Bxc2 $1 {[%mdl 512] ( -> ...Qd3+)} 31. Re1 Qd3+ 32. Kc1 Rf8 (32... Na2+ $142 33. Kb2 Qxb3+ 34. Ka1 Rf8 35. Qb2 Qa4 36. Nc5 Qa5 37. Qb7 Nb4+ 38. Kb2 Qxc5 39. Re3 Nd3+ 40. Rxd3 Bxd3 41. Kb3 {[#]} Ba6 $1 {[%mdl 512]} 42. Qb4 Bc4+ 43. Kc3 d4+ 44. Kc2 Qxb4 45. Kd1 Qc3 46. g4 d3 47. h4 Bb3#) 33. Nc5 Bxb3 {Precision: White = 22%, Black = 56%.} 0-1

[Event "36th Zalakaros Festival 2017"]
[Site "Zalakaros"]
[Date "2017.05.23"]
[Round "6"]
[White "Shvayger, Yuliya"]
[Black "Krzyzanowski, Marcin"]
[Result "0-1"]
[WhiteElo "2423"]
[BlackElo "2457"]
[Annotator "TA"]
[PlyCount "98"]
[EventDate "2017.??.??"]
[EventType "swiss"]
[EventCountry "HUN"]
[SourceTitle "playchess.com"]
[Source "ChessBase"]
[SourceQuality "1"]

{[%evp 11,98,12,23,14,11,-2,28,16,27,13,16,0,8,0,2,21,23,0,0,0,0,-12,0,-20,3,-48,21,-37,-20,-33,-6,-60,-59,-63,-58,-85,-37,-44,-52,-109,-120,-155,-160,-157,-154,-140,-147,-180,-86,-103,-95,-157,-96,-93,-91,-70,-108,-272,-252,-270,-264,-277,-277,-287,-287,-429,-399,-362,-397,-302,-317,-459,-441,-452,-443,-433,-377,-445,-445,-451,-438,-1209,-1512,-1221,-1154,-1179,-1157,-1113,-1107]} 1. e4 c5 2. Nf3 d6 3. Bb5+ Nd7 4. d4 cxd4 5. Qxd4 a6 6. Bxd7+ Bxd7 7. c4 {B51: Sicilian: Moscow Variation (3 Bb5+) without 3...Bd7} (7. Nc3 Rc8 8. O-O e5 9. Qb4 b5 10. a4 a5 11. Qb3 b4 12. Nd5 Be6 13. Ng5 Be7 14. Nxe6 fxe6 15. Nxe7 Qxe7 {½-½ (40) Shirov,A (2664)-Artemiev,V (2682) Sochi 2017}) 7... Nf6 8. Nc3 e6 9. O-O {White has an edge.} Bc6 10. Bg5 Be7 11. Rfd1 O-O 12. Qd3 Rc8 (12... h6 $5 {[%cal Rh6g5]} 13. Bf4 b5 $11) 13. Nd4 Qa5 14. Bh4 Rfd8 15. Rac1 $1 Be8 16. b3 $146 (16. a4 $5) ({Predecessor:} 16. a3 Qc5 17. Nce2 Qe5 18. f3 {½-½ (66) Facchetti,G (2160)-Bemporad,F (2082) Gorgonzola 2007}) 16... Qh5 17. Bg3 Qg6 (17... b5 $5) 18. Nde2 (18. f4 $11) 18... h5 (18... b5 $15) 19. Nf4 (19. a4 $11) 19... Qh6 $15 {And now ...h4 would win.} 20. h4 Ng4 (20... b5 $5) 21. Nh3 (21. Qd2 $11) 21... Ne5 $36 {[%mdl 2048] Black fights for an advantage.} 22. Qf1 Ng6 23. f4 Bxh4 24. Bxh4 Nxh4 25. g3 (25. a4 $15) 25... Ng6 $17 26. Rd2 {[#]} b5 $1 {[%mdl 512]} 27. Rcd1 (27. cxb5 axb5) 27... bxc4 28. bxc4 Rc6 $1 29. Ne2 Ne7 (29... Rxc4 30. Rxd6 Rdc8 31. Qf3) (29... h4 $19 {has better winning chances.} 30. g4 e5) 30. Nd4 Rcc8 31. Nb3 ({Better is} 31. Ng5) 31... Qg6 ({Black should play} 31... d5 32. exd5 exd5) 32. Ng5 {[#]} d5 $1 {[%mdl 512]} 33. exd5 (33. cxd5 exd5) 33... exd5 {Hoping for ...f6.} 34. Kh2 $2 (34. Qe1 $17 Nf5 35. Rxd5 Rxd5 36. Rxd5) 34... Bd7 $19 (34... Rxc4 35. Qe1 $17) 35. Re1 Re8 ({But not} 35... dxc4 36. Rxe7 cxb3 37. axb3 $19) 36. cxd5 Nf5 37. Rxe8+ Rxe8 38. Nc5 (38. Re2 {is a better defense.} f6 39. Rxe8+ Qxe8 40. Ne6) 38... Bb5 39. Qb1 {[#]} f6 $1 {[%cal Rf6g5]} 40. Nge4 {[#]} Nxg3 $1 {[%mdl 512]} 41. f5 (41. Rg2 {was the only chance.} Rxe4 {[#]} 42. Qxe4 $1 {[%mdl 512]} Qxe4 43. Nxe4 Nxe4 44. Rc2) (41. Nxg3 Qxb1) 41... Qg4 (41... Nxf5 $2 42. Qg1 $19) 42. Nxg3 {Threatens to win with Ne6.} Re3 43. Rg2 {intending Nce4.} Qh4+ 44. Kg1 {White hopes to continue with Nce4.} Qd4 {Black is clearly winning.} ({Don't do} 44... Rxg3 45. Qe4 $19) 45. Kh2 Qxc5 ({Weaker is} 45... Qh4+ 46. Kg1 $19) 46. Nxh5 (46. a4 $142 Be8 47. Nf1 Qd6+ 48. Kg1) 46... Qd6+ 47. Rg3 Qe5 48. Kg2 Re1 {( -> ...Qe2+)} 49. Nxf6+ Kf7 {Precision: White = 38%, Black = 61%.} 0-1

[Event "36th Zalakaros Festival 2017"]
[Site "Zalakaros"]
[Date "2017.05.23"]
[Round "6"]
[White "Farago, Ivan"]
[Black "Vajda, Levente"]
[Result "0-1"]
[WhiteElo "2411"]
[BlackElo "2600"]
[Annotator "TA"]
[PlyCount "114"]
[EventDate "2017.??.??"]
[EventType "swiss"]
[EventCountry "HUN"]
[SourceTitle "playchess.com"]
[Source "ChessBase"]
[SourceQuality "1"]

{[%evp 19,114,36,33,28,48,46,41,42,45,46,66,50,52,47,51,52,82,39,61,52,65,72,65,73,76,67,78,60,62,64,51,47,45,64,48,0,0,0,0,0,0,0,0,0,0,0,0,0,0,0,0,0,0,0,2,-8,0,0,0,0,0,0,0,-107,-139,-168,-136,-174,-165,-168,-160,-223,-125,-145,-145,-204,-196,-294,-271,-262,-254,-485,-386,-624,-570,-356,-193,-1181,-1141,-660,-748,-986,-1292,-1597,-1527,-3445,-2154]} 1. d4 d5 2. c4 e6 3. Nc3 Nf6 4. cxd5 exd5 5. Bg5 c6 6. e3 Be7 7. Bd3 Nbd7 8. Nf3 Nh5 9. Bxe7 Qxe7 10. O-O O-O 11. Qb1 {D35: Queen's Gambit Declined: Exchange Variation} g6 (11... Nhf6 12. b4 a6 13. a4 Re8 14. Nd2 Qd6 15. Re1 Nf8 16. b5 axb5 17. axb5 Rxa1 18. Qxa1 Ne6 {1-0 (58) Cheparinov,I (2672)-Vitiugov,N (2737) Caleta 2014}) 12. b4 {[%cal Bb2b4,Bb4b5][%mdl 32]} a6 13. a4 {White is slightly better.} Nhf6 14. Qb3 Qd6 $146 ({Predecessor:} 14... Nb6 15. b5 axb5 16. axb5 Rxa1 17. Rxa1 c5 18. Qa3 Nbd7 19. dxc5 Qxc5 {½-½ (44) Skembris,S (2440)-Radulov,I (2389) Antalya 2001}) 15. Rfd1 a5 16. b5 c5 {White should prevent ...c4.} 17. Qa3 Qb6 18. dxc5 Nxc5 19. Rac1 Nxd3 20. Rxd3 Be6 21. Qe7 Kg7 22. Ne2 Rac8 23. Rdc3 Rfe8 24. Qa3 Ne4 25. Rxc8 Rxc8 26. Rxc8 Bxc8 27. Nc3 {Black must now prevent Nxe4.} Qc5 28. Qxc5 Nxc5 $11 {[%mdl 4096] Endgame KBN-KNN} 29. Nd4 Bf5 30. Nxf5+ gxf5 {KN-KN} 31. Kf1 f6 32. Ke2 Kf7 33. Nxd5 Nxa4 34. Kd3 Ke6 35. Kd4 Nb2 36. Nc7+ Kf7 37. Na6 Ke7 38. Nc7 Nd1 39. Nd5+ Ke6 40. Nf4+ Kd6 41. Nd3 (41. Nh3 $1 $11 {remains equal.}) 41... a4 $17 {[%cal Ba5a4,Ba4a3][%mdl 32]} 42. f3 Kc7 43. e4 fxe4 44. fxe4 a3 45. Nb4 (45. Nc1 $17 {was the only chance.}) 45... Kd6 (45... Kb6 $19 46. Kc4 Ne3+ 47. Kb3 Kxb5) 46. Na2 h5 {[%cal Bh7h5,Bh5h4][%mdl 32]} 47. Nb4 {[#]} (47. Nc1 $17 {is the only way for White.}) 47... h4 $1 $19 48. h3 (48. b6 $142) 48... Nf2 49. Na2 Nh1 50. Kc4 $2 (50. b6 {was called for.}) 50... Ng3 51. Kb4 $2 {[#]} (51. Nb4 Nxe4 52. Kb3) 51... Nxe4 52. Kxa3 Kc5 (52... Ke5 $142 53. Nb4 Nd6) 53. Nc1 $2 (53. Nb4) 53... Kxb5 {Black is clearly winning.} 54. Ne2 Kc4 55. Kb2 Ng3 56. Nf4 Kd4 57. Ng6 Nf5 {Precision: White = 39%, Black = 70%.} 0-1

[Event "36th Zalakaros Festival 2017"]
[Site "Zalakaros"]
[Date "2017.05.23"]
[Round "6"]
[White "Frolov, Artur"]
[Black "Rajdeep Sarkar"]
[Result "1/2-1/2"]
[WhiteElo "2410"]
[BlackElo "2312"]
[Annotator "TA"]
[PlyCount "66"]
[EventDate "2017.??.??"]
[EventType "swiss"]
[EventCountry "HUN"]
[SourceTitle "playchess.com"]
[Source "ChessBase"]
[SourceQuality "1"]

{[%evp 20,66,48,20,47,25,53,47,75,70,75,68,156,156,149,152,163,154,192,189,198,197,191,197,197,200,236,233,335,328,306,288,256,170,172,175,171,158,161,0,0,0,0,0,0,0,0,0,0]} 1. e4 e5 2. Nf3 Nc6 3. Bb5 g6 4. c3 a6 5. Ba4 d6 6. d4 Bd7 7. Bg5 f6 8. Be3 Nh6 9. h3 Nf7 {C76: Ruy Lopez: Deferred Steinitz: 5 c3 Bd7 6 d4 g6} 10. O-O Bg7 11. dxe5 {LiveBook: 4 Games} fxe5 12. c4 O-O 13. Nc3 {[%cal Bb1c3,Bc3d5,Bd5b4][%mdl 32] [#]} Re8 $146 ({Predecessor:} 13... g5 14. Nh2 Be6 15. Bxc6 bxc6 16. b3 h6 17. Qh5 Kh7 {½-½ (159) Vachier Lagrave,M (2723)-Ponomariov,R (2711) Leon 2015}) 14. Qd2 Qc8 15. Rac1 Nfd8 ({Black should play} 15... Ncd8 $14) 16. c5 $1 $16 dxc5 17. Bxc5 Ne6 18. Nd5 $1 Nxc5 19. Rxc5 Qd8 20. Rd1 Rc8 {[#]} 21. Bxc6 $1 Bxc6 22. Qc2 Re6 {[#]} 23. Nb4 $1 Bd7 {[#]} (23... Qf6 $142 24. Qb3 Bf8) 24. Ng5 $1 {[%mdl 512]} Qxg5 25. Rxd7 Bf8 26. Qc4 ({Don't do} 26. Rdxc7 $6 Rce8 $16) 26... Bxc5 27. Qxe6+ Kh8 28. Nd3 $36 {[%mdl 2048] White has strong initiative.} Rf8 29. Rxc7 $2 (29. Qd5 $18 Bb6 30. Rf7 (30. Qxb7 Bxf2+ 31. Nxf2 Qe3 $14) 30... Rxf7 31. Qxf7) 29... Rxf2 $1 $11 {The position is equal.} 30. Nxf2 {Threatening mate with Qe8+.} Qc1+ 31. Kh2 Qf4+ 32. Kh1 {Qd7 would kill now.} Qc1+ 33. Kh2 $1 Qf4+ {Precision: White = 64%, Black = 60%.} 1/2-1/2

[Event "36th Zalakaros Festival 2017"]
[Site "Zalakaros"]
[Date "2017.05.23"]
[Round "6"]
[White "Juhasz, Armin"]
[Black "Tate, Alan"]
[Result "1-0"]
[WhiteElo "2410"]
[BlackElo "2320"]
[Annotator "TA"]
[PlyCount "94"]
[EventDate "2017.??.??"]
[EventType "swiss"]
[EventCountry "HUN"]
[SourceTitle "playchess.com"]
[Source "ChessBase"]
[SourceQuality "1"]

{[%evp 13,94,28,31,13,20,0,0,0,3,4,0,12,29,36,37,-9,-8,-9,-8,-32,12,0,0,0,29,0,0,0,0,0,0,0,0,0,0,0,64,53,84,71,381,173,324,28,30,27,45,-53,-42,-50,-55,-64,0,0,0,0,0,0,0,0,8,-25,-58,-100,-106,-91,0,0,-14,-6,0,-14,0,-10,0,-6,0,0,0,0,0,0,0]} 1. Nf3 c5 2. c4 Nf6 3. Nc3 d5 4. cxd5 Nxd5 5. e3 Nxc3 6. bxc3 g6 7. Bb5+ Bd7 {LiveBook: 29 Games. A34: Symmetrical English: 2 Nc3, lines with ...d5} 8. Bc4 {Threatening Ne5.} (8. Rb1 Bg7 9. O-O O-O 10. d4 Qc7 11. Bxd7 Nxd7 12. e4 Rfd8 13. Qe2 Rac8 14. Bg5 Nb6 15. Rfc1 {1-0 (72) Anton Guijarro,D (2650)-Gelfand,B (2721) Caleta 2017}) 8... Nc6 $146 ({Predecessor:} 8... e6 9. d4 Bg7 10. O-O Bc6 11. Re1 O-O 12. e4 Qa5 13. Bd2 b5 14. Bb3 Rd8 15. a4 bxa4 16. Bxa4 Qc7 17. Bb3 cxd4 18. cxd4 Nd7 19. d5 exd5 20. exd5 Qb7 21. dxc6 {1-0 (21) Toscano,G (2525)-Thomson,T (2270) ICCF corr 1997}) 9. h4 {[%cal Bh2h4,Bh4h5][%mdl 32]} (9. O-O {looks sharper.} Bg7 10. d4 Rc8 11. Ba3 Na5 12. Bd3) 9... Bg7 10. h5 Na5 11. Be2 c4 12. Ba3 Rc8 13. Qb1 b5 14. hxg6 hxg6 15. Rxh8+ Bxh8 16. Qe4 Bf5 17. Qf4 Qd5 18. Nd4 Bd7 (18... Bxd4 $5 19. Bf3 Be5 20. Bxd5 Bxf4 21. exf4 Bd7 $11) 19. Qh4 {[%cal Rh4h8] [#]} Bf6 20. Qh7 $40 {[%cal Rh7g8][%mdl 128] White is up to no good.} Kf8 $1 21. Bf3 Qg5 22. Bb4 Nc6 23. Nxc6 Bxc6 24. Qh3 Rc7 (24... Kg7 $11) 25. Bxc6 $1 $14 Rxc6 26. Qf3 Ra6 $2 {[%mdl 8192]} (26... Rc7 $16 {is a better chance.}) 27. g4 (27. O-O-O $142 Kg7 28. Rh1) 27... Qe5 $2 {[#]} (27... Kg7) 28. Ke2 $2 (28. Qa8+ $1 $18 Kg7 29. O-O-O) 28... Bh4 $11 {With the idea ...Rf6.} 29. Rh1 g5 $1 30. a3 (30. Qa8+ $14 Kg7 31. Qd8) 30... Rf6 $15 31. Qa8+ Kg7 {Strongly threatening ...a5.} 32. Rf1 a5 (32... Qe6 $1 $15 33. Qg2 Rf4) 33. Bxa5 $11 Qh2 {[%cal Rf6f2]} 34. Qe4 Rxf2+ 35. Rxf2 Qxf2+ 36. Kd1 Bg3 37. Bb6 Bd6 38. Bd4+ f6 39. Kc2 Qf1 ({Black should play} 39... Qh4 $17 40. Kd1 Bxa3) 40. Qd5 $1 {The position is equal.} Qd3+ 41. Kd1 Qf1+ 42. Kc2 Qd3+ (42... Kh6 $5 {[%cal Rd6a3]} 43. Qg8 Qd3+ 44. Kd1 Qh7 45. Qf8+ Kg6 $11) 43. Kd1 Bxa3 44. Qxg5+ Kf8 {( -> ...Qf1+)} (44... Qg6 $5 {[%cal Rg6g5]} 45. Qf5 Qxf5 46. gxf5 Bd6 $11) 45. Qf5 Qxf5 46. gxf5 e5 47. fxe6 Ke7 {[%mdl 32768] Precision: White = 47%, Black = 40%. . Sensor Board Error (Ke4/e5)?} 1-0